00827cam a2200229 a 4500999001500000001000600015003000900021005001700030008004100047020001500088040003200103082001900135100001900154245007700173260003700250300004100287504004100328650005000369650004900419942001200468952011700480 c2227d222710857BD-DhUAP20210128125712.0200222s2000 enkace bc 000 0 eng d a0714839582 aCaQMCCAcDLCdBD-DhUAPbEng 223a720.92 PEA1 aPearman, Hugh.10aEquilibrium :bthe work of Nicholas Grimshaw & Partners /cHugh Pearman. aLondon :bPhaidon Press,cc2000. a256 pages :billustrations ;c26 cm. aIncludes bibliographical references. 0aArchitecturezEnglandxHistoryy20th century. 0aArchitecturezEuropexHistoryy20th century. 2ddccBK 00102ddc4070aUAPCLbUAPCLcGeneral Stacksd2020-02-22o720.92 PEAp3010010857r2020-02-22t1w2020-02-22yBK